| 000 | 00000nas 2200000za 4500 |
| 001 | 9.503227 |
| 003 | CaOODSP |
| 005 | 20221107133233 |
| 007 | cr ||||||||||| |
| 008 | 150406d20032005oncar pso||||f0 b0fre|d |
| 040 | |aCaOODSP|bfre |
| 043 | |an-cn--- |
| 086 | 1 |aRv1-17F-PDF |
| 110 | 1 |aCanada. |bAgence des douanes et du revenu du Canada. |
| 245 | 10|aRapport annuel de l'ADRC au Parlement |h[ressource électronique]. |
| 260 | |aOttawa : |bAgence des douanes et du revenu du Canada |
| 310 | |aAnnuel |
| 362 | 1 |a2002/2003 – 2004/2005 |
| 500 | |aPubl. aussi en anglais sous le titre : CCRA annual report to Parliament. |
| 691 | 07|aÉvaluation du rendement|2gcpds |
| 775 | 08|tCCRA annual report to Parliament |w(CaOODSP)9.506832 |
| 780 | 00|tRapport sur le rendement de l'ADRC - rapport annuel au Parlement ... |w(CaOODSP)9.503224 |
| 785 | 00|tRapport annuel de l'Agence du revenue du Canada au Parlement |w(CaOODSP)9.503229 |